Trương Vĩnh Ký : Nhà văn hóa
保存先:
| 第一著者: | |
|---|---|
| フォーマット: | 図書 |
| 言語: | Undetermined |
| 出版事項: |
Hà Nội
Hội Nhà văn
1993
|
| 主題: | |
| タグ: |
タグ追加
タグなし, このレコードへの初めてのタグを付けませんか!
|
| Thư viện lưu trữ: | Trung tâm Học liệu Trường Đại học Cần Thơ |
|---|
| LEADER | 00553nam a2200205Ia 4500 | ||
|---|---|---|---|
| 001 | CTU_10581 | ||
| 008 | 210402s9999 xx 000 0 und d | ||
| 082 | |a 929.2 | ||
| 082 | |b Tr513 | ||
| 100 | |a Nguyễn, Văn Trung | ||
| 245 | 0 | |a Trương Vĩnh Ký : | |
| 245 | 0 | |b Nhà văn hóa | |
| 245 | 0 | |c Nguyễn Văn Trung | |
| 260 | |a Hà Nội | ||
| 260 | |b Hội Nhà văn | ||
| 260 | |c 1993 | ||
| 650 | |a Vietnamese literature | ||
| 650 | |x Biography | ||
| 904 | |i Minh | ||
| 980 | |a Trung tâm Học liệu Trường Đại học Cần Thơ | ||